000 00327nam a2200121Ia 4500
005 20260326100046.0
008 260326s9999||||xx |||||||||||||| ||und||
100 _aWerner, Bruno E.
245 0 _aLa Nueva Arquitectura en Alemania /
_cBruno E. Werner
260 _bBruckmann Munich
650 _aARQUITECTURA REGIONAL
942 _cBK
999 _c7208
_d7208